Les Finalistes de la Coupe du Monde de Football - Statistiques

Statistiques générales
  • Ce quiz a été pris 8 550 fois
  • Le résultat moyen est 18 sur 21
Statistiques - réponses
Année Vainqueur Finaliste % Correct
1950 Uruguay Brésil
99%
1998 France Brésil
99%
2006 Italie France
99%
1930 Uruguay Argentine
98%
1990 RFA Argentine
98%
2014 Allemagne Argentine
98%
2002 Brésil Allemagne
97%
2018 France Croatie
97%
1966 Angleterre RFA
97%
1982 Italie RFA
97%
1986 Agentine RFA
97%
1970 Brésil Italie
94%
1994 Brésil Italie
94%
1974 RFA Pays-Bas
91%
1978 Argentine Pays-Bas
91%
2010 Espagne Pays-Bas
91%
1958 Brésil Suède
58%
1938 Italie Hongrie
48%
1954 RFA Hongrie
48%
1934 Italie Tchécoslovaquie
39%
1962 Brésil Tchécoslovaquie
39%
Aucun quiz correspondant
Distribution des résultats
% des personnes avec chaque résultat
Percentile par nombre de réponses
Votre historique - résultats
Vous n’avez pas pris ce quiz